Представление документа в формате MARC21

Поле Инд. ПП Название Значение
Тип записи a
Библиографический уровень b
001 Контрольный номер RU/IS/BASE/161459925
005 Дата корректировки 20200630193145.0
008 Кодируемые данные 20050211
084 a Индекс другой классификации/Индекс ББК 60.524.258.7(4Мол)
100 1_ a Автор Исак О. В.
q Полное имя Исак Оксана Валентиновна
245 a Заглавие Самоубийства в Молдове с позиций концепции Э. Дюркгейма
500 a Примечание Стат. дан. в тексте
504 a Библиография Библиогр. ссылки
600 a Персоналии Дюркгейм Эмиль
650 a Основная рубрика социология
653 a Ключевые слова Молдавия
a Ключевые слова суицид (самоубийство)
a Ключевые слова социальная патология
773 t Заглавие источника Социологические исследования
d Дата издания источника 2004
g Прочая информация № 12. - С. 116 - 120 : 4 табл.
w Контрольный № источника RU/IS/BASE/157478772
901 t Тип документа b